[Event "Amsterdam Euwe Memorial"]
[Site "Amsterdam"]
[Date "1996.03.28"]
[Round "6"]
[White "Seirawan, Yasser"]
[Black "Anand, Viswanathan"]
[Result "1/2-1/2"]
[WhiteElo "2630"]
[BlackElo "2725"]
[Annotator "Stohl,I"]
[PlyCount "69"]
[EventDate "1996.03.22"]
[EventType "tourn"]
[EventRounds "9"]
[EventCountry "NED"]
[EventCategory "18"]
[SourceTitle "CBM 052"]
[Source "ChessBase"]
[SourceDate "1996.06.01"]
[SourceVersion "1"]
[SourceVersionDate "1996.06.01"]
[SourceQuality "1"]

1. d4 Nf6 2. Nf3 g6 3. Bg5 Bg7 4. Nbd2 c5 5. e3 (5. Bxf6 Bxf6 6. Ne4 Qb6 (6...
Bg7 7. Nxc5 O-O 8. c3 b6 9. Nb3 Bb7 10. e3 d6 11. Be2 Nd7 12. O-O e6 13. a4 f5
14. Qd2 Nf6 15. a5 Ne4 16. Qc2 g5 17. axb6 axb6 18. Nfd2 g4 19. Nxe4 Bxe4 20.
Bd3 d5 21. Rxa8 Qxa8 22. Ra1 Qc6 23. Nd2 $16 {Piankov,E-Riou,I/Cannes op/1996/}
) (6... Bxd4 7. Nxd4 cxd4 8. Qxd4 O-O 9. O-O-O (9. Qd2 Nc6 10. g3 d5 11. Nc5
Qb6 12. Nd3 e5 13. Bg2 Be6 14. O-O Rac8 15. e4 Rcd8 16. Rfe1 dxe4 17. Bxe4 Bd5
18. Qc3 Rfe8 19. Qc5 Bxe4 20. Rxe4 f5 21. Rc4 e4 22. Qxb6 axb6 23. Ne1 Rd2 24.
h3 g5 25. Kf1 h5 $36 {Bialas,W-Podzielny,K/BL 9091/1990/}) 9... Qa5 (9... Nc6
10. Qd2 Qc7 (10... d5 $6 11. Qxd5 Qc7 12. e3 (12. Qg5 Be6 13. Nc3 b5 14. e4
Rfc8 15. Rd2 Rab8 16. Qc5 Qf4 17. Qe3 Qc7 18. Qc5 Qf4 19. g3 Qf3 20. Rg1 b4 21.
Nd5 b3 22. axb3 Qxe4 23. Ba6 Rd8 24. Nxe7+ Nxe7 25. Rxd8+ Rxd8 26. Qxe7 $14 {
Kachur-Loginov /Aktjubinsk/1985/}) 12... Bf5 13. Nc3 Bxc2 14. Qd7 Qxd7 15. Rxd7
Bf5 16. Rxb7 Rab8 17. Rxb8 Rxb8 18. Be2 Rc8 19. g4 Be6 20. Kb1 Ne5 21. h3 f5
22. Rg1 Kf7 23. gxf5 Bxf5+ 24. e4 Be6 25. f4 Nc4 26. b3 Na5 27. Kb2 $16 {
Zhuravlev,V-Fominyh,A/RUS-chT Kazan/1995/}) 11. Nc3 e6 12. e4 f5 13. exf5 Rxf5
14. g3 d5 15. Bd3 Rf3 16. h4 Ne5 17. Kb1 Nxd3 18. cxd3 Qf7 19. h5 Bd7 20. hxg6
Qxg6 21. Rh6 $40 {Torre,E-Vogt,L /Baku/1980/}) 10. Nc3 Nc6 11. Qd2 d5 (11... d6
12. h4 $1 Be6 13. Kb1 Rac8 14. e4 f6 15. f4 b5 16. h5 g5 17. fxg5 Ne5 18. gxf6
exf6 19. Nd5 Qxd2 20. Rxd2 Bxd5 21. Rxd5 f5 22. exf5 Rxf5 23. Bxb5 Rf2 24. Rc1
$18 {Yusupov,A-Gorelov,S/Moscow-ch/1981/}) 12. Qxd5 Qb6 13. e3 Be6 14. Qb5 Qc7
15. h4 a6 16. Qg5 f6 17. Qc5 Qe5 18. Qxe5 Nxe5 19. Be2 Rac8 20. f4 Nc4 21. Bxc4
Rxc4 22. Rd4 g5 23. Rxc4 Bxc4 24. b3 Be6 25. g3 $16 {Wirthensohn,H-Webb,S/
Hamburg Concordia/1977/}) (6... d6 7. Nxf6+ exf6 8. dxc5 dxc5 9. Qxd8+ Kxd8 10.
O-O-O+ Ke7 11. g3 Bd7 12. Bg2 Bc6 13. Rd3 Rd8 14. Re3+ Kf8 15. g4 Na6 16. Ne1
Nb4 17. Bxc6 Nxa2+ 18. Kb1 Nb4 19. Nd3 Nxc6 20. Nxc5 Re8 21. Rxe8+ Rxe8 22. e3
Ne5 23. h3 $10 {Plachetka,J-Mrva,M/CSS-chT/1992/}) 7. Nxf6+ Qxf6 8. c3 cxd4 (
8... d6 9. e3 O-O 10. Be2 Nc6 11. d5 Ne5 12. O-O Nxf3+ 13. Bxf3 Rb8 14. a4 h5
15. a5 b6 16. axb6 Rxb6 17. Qc2 a6 18. Be2 Qg5 19. Bc4 Qe5 20. e4 Qf4 21. Rfe1
h4 22. Re3 Kg7 23. Qe2 Bg4 24. Qc2 Bd7 $10 {King,D-Olafsson,F/Reykjavik op/
1984/}) 9. Qxd4 (9. cxd4 d5 10. Qb3 Qb6 11. Qxb6 axb6 12. e3 Nc6 13. Bb5 Bd7
14. Ke2 e6 15. Rhc1 Ke7 16. a3 Rhc8 17. Bd3 Na5 18. Nd2 Ba4 19. Rab1 Nb3 20.
Nxb3 Bxb3 21. Kd2 Ba4 22. h4 Bd7 23. Rxc8 Rxc8 24. h5 g5 25. Bxh7 $10 {1/2/Ye
Rongguang-Ernst,T/Manila olm/1992/}) 9... Qxd4 10. Nxd4 Nc6 11. e3 d6 12. Be2
Bd7 13. O-O-O Rc8 14. g4 Ne5 15. Rhg1 a6 16. h4 b5 17. a3 h6 18. Rg3 Kf8 19. f4
Nc4 20. Rf1 a5 21. Bxc4 Rxc4 22. Kd2 e5 $132 {Torre,E-Timman,J/London/1984/})
5... cxd4 $5 6. exd4 d5 (6... O-O 7. Bd3 (7. c3 d6 8. Bd3 Qc7 9. O-O e5 10.
dxe5 dxe5 11. Re1 Nh5 12. Bc4 Kh8 13. Qb3 Nc6 14. Bf1 f5 15. Rad1 h6 16. Be3 b6
17. Nc4 Be6 18. Qb5 Rad8 $15 {Casan,J-Lanka,Z/Albacete op/1995/}) 7... d6 (7...
d5 8. O-O Qb6 9. Qc1 Nc6 10. c3 a5 (10... Bf5 $142 $1 $10) 11. Re1 Re8 12. Nf1
Be6 13. h3 Nd7 14. Bh6 Nf8 15. Bxg7 Kxg7 16. Ng5 Bc8 17. Ne3 Qd8 18. Nf3 Qd6
19. Qd2 Be6 20. Ne5 Nxe5 21. dxe5 Qd7 22. Nc2 Bf5 23. Bxf5 $14 {|^>>,Plachetka,
J-Huenerkopf,H/Gausdal International/1986/}) 8. O-O Be6 9. Bh4 Nc6 10. c3 a6
11. Re1 Re8 12. Qc2 Bd7 13. Rad1 Rc8 14. Qb1 b5 15. a3 Qb6 16. Qa2 e6 17. Bxf6
Bxf6 18. Ne4 Be7 19. Ng3 d5 20. h4 h5 21. Qb1 Kg7 22. Ne2 Bd6 23. Bc2 a5 24. b4
axb4 $10 {Backwinkel,P-Heissler,J/BL 9495/1994/}) 7. c3 Nc6 8. Bd3 O-O $146 (
8... h6 9. Bh4 Nh5 10. O-O Qb6 11. Qb3 Qxb3 $6 12. axb3 g5 13. Bg3 g4 14. Ne1
Nxg3 15. hxg3 O-O 16. b4 e5 17. b5 Nb8 18. dxe5 Nd7 19. Nb3 Nxe5 20. Nd4 Nxd3
21. Nxd3 Bxd4 22. cxd4 Bd7 23. Ne5 Bxb5 24. Rfc1 h5 25. Rc7 $44 {|^,
Plachetka-Uhlmann/STL 9192/1992/}) 9. h3 (9. O-O Bf5 $10) 9... Qc7 10. O-O (10.
Qc2 e5 $5 11. dxe5 Nxe5 12. Nxe5 (12. O-O Nxd3 13. Qxd3 Bf5 $10) 12... Qxe5+
13. Be3 Bh6 14. Nf3 Qe7 $10) 10... Bf5 $1 11. Qc2 (11. Bxf5 gxf5 12. Nh4 e6 13.
g4 $6 Ne4 $1 14. Nxe4 (14. gxf5 $2 Nxg5 15. Qg4 h6 $1 16. f4 Nh7 17. fxe6 Nf6
$19) 14... fxe4 {[%cal Rf7f5] /\f5|^}) 11... Bxd3 12. Qxd3 e6 13. Rfe1 Rfe8 $10
{After a rather unambitious opening by White a sterile position arose. White's
attacking chances on the K-side are unrealistic, Black has enough counterplay.}
14. Bxf6 (14. Ne5 $6 Nxe5 15. dxe5 Nd7 16. f4 Qb6+) (14. Re2 b5 $5 $132) 14...
Bxf6 15. h4 Ne7 (15... b5 16. a3 a5 17. b4 $1 $10 {[%cal Rd2b3,Rb3c5] /\Nb3-c5}
) 16. g3 (16. h5 $6 gxh5 $1 {[%cal Ye7g6,Yh5h4] /\Ng6,h4}) 16... Nf5 17. Kg2 h6
18. a4 Bg7 19. Ne5 Nd6 20. f4 (20. g4 $5 Rac8 21. f4 $13 {was stronger, now
Black blockades the K-side.}) 20... h5 $1 21. Nf1 Kh7 22. Ne3 f5 23. Nf1 Ne4
24. Nd2 Bxe5 25. fxe5 Qb6 26. Nxe4 fxe4 (26... dxe4 27. Qb5 $10) 27. Qb5 Rf8
28. Rf1 Qc7 (28... Qxb5 $6 29. axb5 Rxf1 30. Kxf1 (30. Rxf1 Kg7 31. Rf6 Re8 32.
Kf2 Rf8 $10) 30... Kg7 31. Ke2 {[%csl Ra7][%cal Rb2b3,Rc3c4] ><a7,/\b3,c4|^})
29. Rxf8 Rxf8 30. Rf1 $10 Rxf1 31. Qxf1 Kg8 32. Qf6 Qf7 33. Qf4 $5 (33. Qxf7+
Kxf7 34. Kf2 g5 35. Ke3 {[%cal Yc3c4,Yb2b3] /\b3,c4=}) 33... Qxf4 34. gxf4 Kf7
35. b3 (35. b3 Ke7 36. c4 Kd7 $10) 1/2-1/2

[Event "Dos Hermanas"]
[Site "Dos Hermanas"]
[Date "1996.05.25"]
[Round "4"]
[White "Anand, Viswanathan"]
[Black "Ivanchuk, Vassily"]
[Result "1-0"]
[WhiteElo "2725"]
[BlackElo "2735"]
[Annotator "Petursson,M"]
[PlyCount "91"]
[EventDate "1996.05.21"]
[EventType "tourn"]
[EventRounds "9"]
[EventCountry "ESP"]
[EventCategory "19"]
[SourceTitle "CBM 053"]
[Source "ChessBase"]
[SourceDate "1996.08.01"]
[SourceVersion "1"]
[SourceVersionDate "1996.08.01"]
[SourceQuality "1"]

1. e4 e5 2. Nf3 Nc6 3. Bb5 a6 4. Ba4 Nf6 5. O-O Be7 6. Re1 b5 7. Bb3 d6 8. c3
O-O 9. h3 Bb7 10. d4 Re8 11. Nbd2 Bf8 12. d5 Nb8 13. Nf1 Nbd7 14. Ng3 g6 15.
Nh2 h5 16. Nf3 Nc5 17. Bc2 c6 18. b4 Ncd7 19. dxc6 Bxc6 20. Bb3 Nb6 21. Bg5 Bd7
22. Nh4 Be6 23. Qf3 Nbd7 24. Rad1 Rc8 25. Rd3 Bxb3 26. axb3 Qe7 27. Red1 Qe6
28. Nhf5 Qxb3 29. Nxd6 Bxd6 30. c4 Qxc4 31. Rxd6 Nh7 32. Bh6 Ndf8 33. Rxa6 Re6
34. Rxe6 Nxe6 35. Nf5 (35. Nxh5 $5 gxh5 36. Qg3+ Kh8 37. Qxe5+ f6 38. Qf5 Rd8
39. Rxd8+ Nxd8 40. Qd7 Ne6 41. Qe8+ Nhf8 42. Bxf8 Qc1+ $10) 35... Qxb4 (35...
gxf5 36. exf5 Neg5 37. Qxh5 Ne4 38. Qg4+ Neg5 39. Qh5 $10) 36. Rd7 Nhg5 37.
Bxg5 Qe1+ 38. Kh2 Nxg5 39. Qg3 $1 (39. Ne7+ Kh7 40. Qf6 Rc1 41. Qxg5 Qg1+ 42.
Kg3 Rc3+ 43. f3 Rc2 44. Rd2 Qe1+ $19) 39... Nxe4 40. Nh6+ Kh7 41. Rxf7+ Kxh6
42. Qxe5 Qd2 $4 {Allows mate in six!} (42... Rg8 43. Qf4+ (43. g4 Qb4 44. Rf4
Qd2 45. Qxe4 hxg4 46. hxg4 Qd6 $13) 43... g5 44. Qc7 (44. Qe5 g4 $1 $13) 44...
Kg6 45. Qe7 Qc3 46. Qe6+ Nf6 47. Rxf6+ Qxf6 48. Qxg8+ $10) 43. Qg7+ Kg5 44. h4+
Kxh4 45. Qxg6 Rc3 46. Qxe4+ 1-0

[Event "Dortmund SuperGM 24th"]
[Site "Dortmund"]
[Date "1996.07.07"]
[Round "3"]
[White "Huebner, Robert"]
[Black "Anand, Viswanathan"]
[Result "0-1"]
[WhiteElo "2595"]
[BlackElo "2735"]
[Annotator "Anand,V"]
[PlyCount "72"]
[EventDate "1996.07.05"]
[EventType "tourn"]
[EventRounds "9"]
[EventCountry "GER"]
[EventCategory "18"]
[SourceTitle "CBM 054"]
[Source "ChessBase"]
[SourceDate "1996.10.01"]
[SourceVersion "1"]
[SourceVersionDate "1996.10.01"]
[SourceQuality "1"]

1. e4 {Baburin Petursson Konikowski,J Dolmatov} c5 2. Nf3 d6 3. d4 cxd4 4. Nxd4
Nf6 5. Nc3 a6 6. Be2 e6 7. O-O Be7 8. f4 {Während des Kampfes in New York 1995
um den Weltmeistertitel spielte Anand gegen Kasparow mit Erfolg} (8. a4 $5 {
Konikowski,J Hübner geht andere Wege.}) 8... O-O 9. Be3 Nc6 10. Qe1 Nxd4 $1 {
Normalerweise wird erst die Dame nach c7 entwickelt. Zum Beispiel:} (10... Qc7
11. Qg3 $14 (11. Qg3 {Konikowski,J} Nxd4 12. Bxd4 b5 13. Bf3 Bb7 14. e5 dxe5
15. fxe5 Nd7 16. Bxb7 Qxb7 17. Rae1 Rac8 18. Ne4 Rxc2 19. Qd3 Rc4 20. b3 Rcc8
21. Nf6+ Nxf6 22. exf6 Bb4 23. Re4 Rfd8 24. Rh4 g6 25. Qh3 Rc2 26. Rxh7 Qxg2+
27. Qxg2 Rxg2+ 28. Kxg2 Kxh7 {und Schwarz gewann rasch die Partie 
(Tscheschkowski-B.Abramovic, Jugoslawien 1995).})) 11. Bxd4 b5 12. a3 Bb7 13.
Bd3 (13. Qg3 {Dolmatov} Bc6 14. Bd3 Qd7 15. Rf3 Qb7 16. Re1 b4 17. Nd1 bxa3 18.
bxa3 g6 19. Qh3 h5 20. Nf2 $16 {Sznapik,A-Schmidt,Wl/Smederevo/1981/}) (13. Bf3
$5 {Konikowski,J}) 13... Nd7 14. Rd1 (14. Qg3 $5 {Konikowski,J scheint besser
zu sein.}) 14... Qc7 (14... Bf6 $6 15. e5 dxe5 16. fxe5 Be7 17. Ne4 Bxe4 18.
Qxe4 g6 19. b4 $1 $16) 15. Kh1 e5 $1 {Baburin: This is a typical example of
the situation where Black voluntarily goes for ...e6-e5. While in some ways
weakening the d5-square, this thrust has its own advantages: a white piece is
kicked out of the centre and the e4-pawn is immobilised. Being fixed, this
pawn often becomes a nice target for the black pieces.} (15... Bf6 16. Bxf6
Nxf6 17. Qh4) (15... Rac8 {ist eine wichtige Alternative.}) 16. Be3 (16. fxe5
Nxe5 $10) 16... Rac8 $1 (16... exf4 17. Bxf4 Bf6 $10 (17... Ne5 {Dolmatov} 18.
Qg3 Rac8 $10)) (16... Bf6 17. f5) 17. Qg3 (17. f5 $6 Nf6) 17... Bf6 18. f5 $6 {
Nach} (18. fxe5 Bxe5 19. Bf4 $10) (18. Nd5 $5 {Dolmatov} Bxd5 19. exd5 g6 (
19... Rfe8 20. c3 $10) (19... e4 20. Bxe4 Bxb2 21. Bf5 Rce8 {hat Schwarz keine
Probleme.}) 20. f5) 18... Kh8 (18... Be7 $2 19. Bh6 $1) 19. Rf2 Be7 {Black
vacates the f6-square for the knight.} 20. Rfd2 Qa5 (20... Nf6 21. Bg5 $10 (21.
Bg5 {Dolmatov} Nh5 22. Qh4 Bxg5 23. Qxg5 Nf4 24. Bf1)) 21. Qe1 (21. Nd5 {
Konikowski,J} Bxd5 22. exd5 Nf6 23. Qf3 Qa4 {mit gutem Spiel für Schwarz.})
21... h6 {Preventing Be3-g5, otherwise possible after the eventual ...Nf6.} 22.
h3 Nf6 23. Bf2 $15 (23. Qf2 {Dolmatov} Rxc3 $17) 23... Rxc3 $6 {Für das
Qualitätsopfer bekommt Schwarz dauerhafte Initiative. A thematic Sicilian
exchange sacrifice. Baburin: This game is an excellent ilustration of the
typical "Sicilian" exchange sacrifice - ...Rxc3. It usually leads to the fall
of the e4-pawn, followed by the further mobilization of the black pawns in the
centre.} 24. bxc3 Qxa3 {After this White is bound to lose tactically, but
passive defence was did not offer great promise either.} (24... Qxc3 25. Re2 (
25. a4 {Dolmatov} bxa4 26. Ra1 a3 27. Rdd1 Qc7 28. Rxa3 d5 $40) 25... Qxa3 26.
Ra1 $10) 25. c4 $2 {Nach dem Fallen des zentralen Bauern wird die weiße
Stellung bald kritisch. Daher sollte der Anziehende} (25. Re2 $1 Qa5 (25... Rc8
26. c4 bxc4 27. Ra1 Qb2 (27... cxd3 28. Rxa3 dxe2 29. Qxe2 $16) 28. Rb1 Qa3 $10
) 26. c4 Qxe1+ 27. Rdxe1 $1 $10) (25. Re2 $1 {Konikowski,J versuchen.}) 25...
bxc4 $17 26. Bxc4 Nxe4 {Schwächer ist} (26... Bxe4 {Konikowski,J} 27. Bd3 Bb7
28. Rb1 {und Weiß atmet noch.}) 27. Rd3 Qa4 28. Rb3 (28. Bb3 $17) (28. Bd5 {
Dolmatov} Bxd5 29. Rxd5 Qxc2 30. Bg1 $17) (28. Bb3 {Konikowski,J} Qd7 29. Bd5
Bxd5 30. Rxd5 Qxf5 31. Be3 Rc8 {mit Gewinnstellung für Schwarz.}) 28... Qxc4
29. Rxb7 Qxc2 $1 30. Bg1 Bg5 {Schwarz übernahm völlig die Initiative.} 31. Rdb1
Bf4 32. R1b3 (32. R1b2 Ng3+ 33. Qxg3 Qxb2 $19) 32... d5 $19 33. Rf3 Rc8 34.
Rxf7 Ng5 35. Rxf4 exf4 (35... Nxf7 $19) 36. Re7 (36. Rxg7 Kxg7 37. Qe5+ Kh7 $19
) 36... f3 (36... f3 37. Re8+ Kh7 38. gxf3 Nxf3 $19) 0-1

[Event "Dortmund SuperGM 24th"]
[Site "Dortmund"]
[Date "1996.07.10"]
[Round "5"]
[White "Shirov, Alexei"]
[Black "Anand, Viswanathan"]
[Result "1/2-1/2"]
[WhiteElo "2685"]
[BlackElo "2735"]
[PlyCount "62"]
[EventDate "1996.07.05"]
[EventType "tourn"]
[EventRounds "9"]
[EventCountry "GER"]
[EventCategory "18"]
[SourceTitle "CBM 054"]
[Source "ChessBase"]
[SourceDate "1996.10.01"]
[SourceVersion "1"]
[SourceVersionDate "1996.10.01"]
[SourceQuality "1"]

1. e4 c6 2. d4 d5 3. e5 Bf5 4. Nf3 e6 5. Be2 c5 6. Be3 Ne7 7. c4 dxc4 8. Nc3
Nbc6 9. dxc5 Nd5 10. Nxd5 Qxd5 11. O-O Bd3 12. Rc1 Rd8 13. Bxd3 cxd3 14. Qa4
Be7 15. Rfd1 O-O 16. Rc3 Rd7 17. Qb5 Rfd8 18. Rcxd3 Qxd3 19. Rxd3 Rxd3 20. g3
R8d7 21. Kg2 h6 22. Qc4 a6 23. h4 R7d5 24. b4 Ra3 25. Qc2 Rdd3 26. Qb2 a5 27.
bxa5 Nxa5 28. Qb5 Bf8 29. Nd4 Nc6 30. Nxc6 bxc6 31. Qxc6 Rxe3 (31... Rxe3 32.
fxe3 Rxa2+ 33. Kf3 Rc2 34. Qe8 Rxc5 35. Kf4 Rc4+ 36. e4) 1/2-1/2

[Event "Dortmund SuperGM 24th"]
[Site "Dortmund"]
[Date "1996.07.11"]
[Round "6"]
[White "Anand, Viswanathan"]
[Black "Topalov, Veselin"]
[Result "1-0"]
[WhiteElo "2735"]
[BlackElo "2750"]
[Annotator "Anand,V"]
[PlyCount "75"]
[EventDate "1996.07.05"]
[EventType "tourn"]
[EventRounds "9"]
[EventCountry "GER"]
[EventCategory "18"]
[SourceTitle "CBM 054"]
[Source "ChessBase"]
[SourceDate "1996.10.01"]
[SourceVersion "1"]
[SourceVersionDate "1996.10.01"]
[SourceQuality "1"]

{Anand came to this game as the leader of the tournament,and Topalov in a very
strange situation for him in the last,2 out of 5 after losing 2 games in a row
the game changes nothing as it was Topalov's third defeat in a row!!} 1. e4 {
Dolmatov Petursson HarZvi Boensch} c5 2. Nf3 e6 3. Nc3 a6 4. d4 cxd4 5. Nxd4
Nc6 6. Be2 d6 7. O-O Nf6 8. Be3 Be7 9. f4 O-O 10. a4 Qc7 11. Kh1 Re8 12. Bf3
Na5 (12... Bd7 {Har Zvi,R} 13. Nb3 Na5 14. Nxa5 Qxa5 15. Qd3 Rad8 16. Rfd1 Bc6
17. b4 Qc7 18. b5 Bd7 19. Rab1 $1 $146 {Anand,V-Kasparov,G New York (m/9) 64/
240 [Anand,V] 1995} (19. Rab1 {Dolmatov} axb5 20. Nxb5 $14 {Anand,V-Kasparov,G/
New York(WM/9)/1995/})) (12... Rb8 {Dolmatov}) 13. g4 $1 {Kasparov played 13.
Bg1 against Topalov one month earlier} (13. Qe1 Nc4 14. Bc1 e5 15. Nde2 Qc5 16.
Ng3 (16. fxe5 {Boensch} dxe5 17. Ng3 Be6 18. b3 Nb6 19. Nf5 Bxf5 20. exf5 Qc7
$10 {0-1 Zagrebelny,S-Wojtkiewicz,A/Katowice op (09) 1992 (40)}) (16. Qg3 {
Har Zvi,R} Bd7 17. fxe5 Nxe5 18. Nf4 Nxf3 19. Qxf3 Bc6 $13 {Glek,I-Sutovskij,E
Haifa 1996}) 16... exf4 17. Bxf4 Nxb2 18. Be3 Qe5 19. Be2 Be6 20. Nf5 Bxf5 21.
Rxf5 Qe6 22. Rf4 Rac8 23. Bd4 Nc4 24. Qg3 Ne5 {1/2-1/2 Fedorowicz,J-Arnason,J/
St Martin op (09) 1992}) (13. Bg1 Bf8 (13... Nd7 14. Qe1 Bf6 15. Rd1 Nf8 16. g4
Ng6 17. Bg2 h6 18. Rd3 Nc6 19. Nde2 Nb4 20. Rh3 e5 21. f5 Nf4 $10 {Apicella,
M-Panzalovic,S/Biel op (08) 1990/0-1 (59)}) 14. Qe1 Rb8 15. h3 Nd7 16. Bh2 Nc6
17. Rd1 Nxd4 18. Rxd4 b5 {Har Zvi,R} 19. axb5 axb5 20. e5 {with advantage for
white Kasparov,G-Topalov,V Dos Hermanas 1996/1/2-1/2/48/}) (13. Qe2 {Boensch}
Nc4 14. e5 Nxe3 15. exf6 Nxf1 16. fxe7 Qb6 17. Qd3 e5 $17 {0-1 Geller,E-Stangl,
M/Dortmund-B (9) 1991 (45)}) (13. Qd3 {Boensch} Bf8 14. Rad1 Rb8 15. b3 Bd7 16.
Nde2 Nc6 17. g4 Bc8 18. g5 Nd7 19. Bg2 g6 20. Bg1 Nb4 21. Qg3 b6 22. h4 Bb7 23.
h5 Bg7 24. Bd4 e5 $15 {(42) 0-1 Gurevich,I-Arnason,J/St Martin op (08) 1992})
13... Nd7 (13... Nc4 {Dolmatov} 14. Bc1 e5 15. Nf5 exf4 16. g5 $16) 14. Bg2 Bf8
(14... b6 {Dolmatov} 15. Qe1 Bb7 16. Rd1 Rac8 (16... Nc6 17. Nde2 Nb4 18. Rd2
Rac8 19. g5 $40) 17. g5) 15. Qe1 (15. g5 {Boensch} b6 (15... g6 {Har Zvi,R} 16.
Bg1 b6 17. Qd3 Bb7 18. Qh3 Nc6 19. f5 $36 {Morawietz,D-Dokhoian,Y Cologne 1992}
) 16. Qh5 $40) 15... b6 (15... Nc4 16. Bc1 {/\ b3,Bb2} (16. Bc1 {Dolmatov} b6
17. b3 Na5 18. Bb2 Bb7 19. Rd1 $13)) 16. Rd1 Bb7 17. Qh4 Nc6 (17... Nc4 18. Bc1
g6 19. Rd3 $40) 18. Nde2 $1 {white need to play this move since black idea is
to take on d4 an d then play e5 with a fine position} (18. Rf3 {Boensch} Nxd4
19. Bxd4 e5 20. Rh3 h6 $13) 18... Nb4 19. Rd2 Qd8 (19... d5 20. e5 f6 21. exf6
Nxf6 22. Bd4 $14) 20. g5 f6 (20... g6 {Boensch} 21. Rf3 Rc8 22. Rh3 h5 23. Ng3
$40 {[%csl Rh5]}) (20... h6 $5 {Dolmatov} 21. Nd4 $5 (21. Qf2 hxg5 22. fxg5 Ne5
) 21... hxg5 22. fxg5 Ne5 23. Rdf2) 21. Nd4 $1 {[%csl Re6]} fxg5 (21... Nc6 22.
gxf6 $1 Qxf6 (22... Nxf6 {Boensch} 23. e5 (23. Nxc6 Bxc6 24. e5 Bxg2+ 25. Rxg2
Nd7 $10) 23... Nd5 24. Qxd8 Nxd8 $10) 23. Qxf6 Nxf6 24. e5) 22. fxg5 Nc6 23.
Rdf2 $1 Rc8 (23... Nxd4 24. Bxd4 Ne5 25. Bxe5 (25. Qg3 {Dolmatov} Qc7) 25...
dxe5 26. Rf7 $16) 24. Nce2 $1 Nc5 (24... Nde5 $2 25. Nxe6 Rxe6 26. Rxf8+ Qxf8
27. Rxf8+ Rxf8 28. Nf4 Ree8 29. Nd5 $16) 25. Nxc6 Bxc6 26. Nd4 Bd7 (26... Bxa4
27. Rf3 $40 (27. Rf3 {Boensch threatening Rh3} e5 (27... Rc7 {Har Zvi,R} 28. b4
$3 Nd7 (28... e5 29. bxc5 exd4 30. cxb6) (28... Nb7 29. Nxe6 $1 Rxe6 30. g6 {
and white is winning}) 29. Bh3 Ne5 30. g6 $3 Nxg6 (30... Qxh4 31. Bxe6+) 31.
Qxd8 Rxd8 32. Bxe6+ {and white is winning}) 28. Rh3 h6 29. Nf5 $40 (29. Qh5 $1
{and white's attack is very strong})) (27. b4 {Dolmatov} Nd7 28. Bh3 $16)) (
26... Bb7 {Boensch} 27. b3 $16) (26... Bb7 {Har Zvi,R}) 27. e5 $1 (27. Rf3 e5
28. Nf5 g6 29. Rh3 h5 $1) 27... dxe5 (27... d5 28. Rf3) 28. Nf3 Bc6 {Nach} (
28... Bd6 29. Rd2 (29. Rd1 {Har Zvi,R} Qe7 (29... Qc7 30. g6 h6 31. Bxh6 gxh6
32. Qxh6 Bxa4 33. Nxe5) 30. Rfd2 e4 31. Rxd6 exf3 32. Bxf3) 29... Qc7 30. Rfd1
$18) (28... Qc7 $1 {Boensch} 29. g6 h6 {kommt der Angriff ins Stocken.}) 29.
Nxe5 Bxg2+ 30. Rxg2 $18 Rc7 (30... Be7 {Har Zvi,R} 31. Ng4 $1 Qd5 (31... Kh8
32. Nf6 Bxf6 (32... gxf6 33. g6) 33. gxf6 gxf6 (33... g6 34. Bg5) 34. Rxf6 {
and white's attack seems decisive}) 32. Nf6+ Bxf6 33. gxf6 Rc7 34. a5 $1 {
and white is winning} bxa5 35. f7+ Rxf7 36. Rxf7 Kxf7 37. Qf2+) (30... Qd5 {
Har Zvi,R} 31. g6 h6 32. Bxh6 $1 gxh6 (32... Qxe5 33. Bc1 {with mate}) 33. Ng4
Nd7 34. g7 {and white is winning}) 31. Ng4 {the decisive maneuver,the knight
is leaving the e5 square in order to gain control over the f6 and h6 squares,
black is hopeless against white's attack} Kh8 (31... e5 {Boensch} 32. Nf6+ gxf6
33. gxf6+ Kh8 34. Qg3 Bd6 35. Bh6 $18) (31... Qd5 {Boensch} 32. Nf6+ (32. Nh6+
{Dolmatov} gxh6 33. gxh6+ $16) 32... gxf6 33. gxf6+ Bg7 34. Bh6 $18) 32. Qh3 $1
{[%cal Yg5g6]} Qd5 (32... g6 {Boensch} 33. Bf4 (33. Nf6 {Har Zvi,R} Rf7 (33...
Ree7 34. Rgf2 $1 Rf7 (34... Rc8 {Petursson} 35. b4 Nxa4 36. Nxh7 Qd5+ 37. Kg1
Rxh7 38. Rxf8+ Rxf8 39. Rxf8+ Kg7 40. Qf1 $18) 35. Nxh7 Qd5+ 36. Kg1) 34. Rgf2
Ree7 35. Nxh7 $1 Qd5+ 36. Kg1) 33... Bd6 34. Qc3+ Rg7 35. Rd1 Ne4 36. Qc6 $18)
33. g6 h6 34. Bxh6 $1 {Ist einfacher als} (34. Nxh6 gxh6 35. Bxh6 $1 (35. g7+
Bxg7 (35... Rxg7 36. Qxh6+ (36. Rxf8+ {Dolmatov} Rxf8 37. Qxh6+ $18) 36... Kg8
37. Rxf8+) 36. Bxh6 Kg8) (35. Rxf8+ Rxf8 36. g7+ Kg8 37. gxf8=Q+ Kxf8 38. Bxh6+
Ke8 39. Qg4 $18) 35... Bxh6 36. Qxh6+ Kg8 37. g7 Qxg2+ 38. Kxg2 Rxg7+ 39. Kh1
Nxa4) 34... gxh6 35. g7+ $1 {Nach} (35. Rxf8+ Rxf8 36. g7+ Kxg7 37. Qxh6+ Kf7)
35... Bxg7 (35... Rxg7 36. Qxh6+ Kg8 (36... Rh7 37. Rxf8+) 37. Nf6+ (37. Nf6+ {
Har Zvi,R} Kf7 38. Nxd5+)) 36. Nxh6 {/\ Nf7 Kg8 Qh8} Qxg2+ 37. Qxg2 Bxh6 (37...
Kh7 38. Qh3 Bxh6 39. Rf6 $18) 38. Qg6 (38. Qg6 Rg8 39. Qxh6+ Rh7 40. Qf6+ Rhg7
41. Qh4+ Rh7 42. Qd4+ Rhg7 43. Rf7 $18) 1-0